| 000 | 00509nam a22001817a 4500 | ||
|---|---|---|---|
| 005 | 20240517093004.0 | ||
| 008 | 240517b |||||||| |||| 00| 0 eng d | ||
| 020 | _a9788131225547 | ||
| 082 |
_a617.7 _bPAR-D |
||
| 100 | _aParson's | ||
| 245 |
_aParson's Disease of the Eye / _cParson's,Ramanjit Sihota,Tadhika tandon |
||
| 250 | _a21th ed. | ||
| 260 |
_aIndia ; _bElsevier ; _c2010. |
||
| 300 |
_axi ;596p. ; _bill; _c24 cm. |
||
| 500 | _ainclude index . | ||
| 650 | _aMedical / Ophthalmology | ||
| 999 |
_c35787 _d35787 |
||